1451 1007 1081 1106 1700 1120 1853 1486 1344 1192 1451 1939 1949 1155 1999 1853 1370 1866 1358 1050 1592 1806 1426 1680 1070 1400 1977 1791 1064 1332 1252 1512 1045 1074 1350 1461 1296 1385 1560 1493 1938 1152 1231 1840 1890 1358 1356 1764 1247 1805 1964 1540 1534 1982 1991 1726 1367 1843 1822 1894 1854 1853 1121 1611 1455 1967 1683 1677 1431 1311 1133 1349 1915 1099 1874 1447 1244 1937 1917 1734 1965 1789 1205 1865 1124 1057 1212 1759 1599 1864 1851 1199 1611 1461 1684 1898 1895 1295 1152 BCNSPRNW ULIB Ver.6.0+V

เปลี่ยนเป็นภาษาไทย

Change to English
 แสดงรายละเอียดบรรณานุกรม
  กลับหน้าหลัก

Brief Record : Get Marc (ISO 2709) : E-mail record : QR code < ปิดหน้าต่าง
LEADER : 00000nam 2200000uu 4500
001    13399113086
003     ULIB
008    110926s2544||||th 000 0 tha d
020    9747743027
050 04 PL4187^bป182ฉ 2544
100 0  ประกฤติ ไชยโต๊ะพรหม
245 10 ฉบับสหัสวรรษใหม่ พจนานุกรม ไทย-อังกฤษ สำหรับนักเรียน นักศึกษาประชาชน /^cประกฤติ ไชยโต๊ะพรหม
246 3  พจนานุกรม ไทย-อังกฤษ สำหรับนักเรียน นักศึกษา ประชาชน
250    พิมพ์ครั้งที่ 2
260    กรุงเทพฯ :^bต้นธรรม,^c2544
300    480 หน้า ;^c20 ซม
650  7 ภาษาไทย^xพจนานุกรม^xภาษาอังกฤษ
945    ^p250^l0^i020574
995    ทศพร
999 ^a ทศพร
รายการนี้ยังไม่มีแท็ก
คุณยังไม่ได้ล็อกอิน คุณสามารถมีกิจกรรมร่วมกับเว็บไซต์ได้ แต่ต้องล็อกอินก่อน ::
  ล็อกอิน

รายการสื่อสารสนเทศ

ลำดับที่ ประเภท เลขเรียก/บาร์โค้ด สถานที่ สถานะ
- ไม่พบข้อมูล -

BibComment


ยังไม่เคยถูกคอมเมนท์

คอมเมนท์ทรัพยากรรายการนี้
  คอมเมนท์: ฉบับสหัสวรรษใหม่ ..


 Copyright 2026. Bcnsprnw @Library